[Event "GER-chT School WK 2"]
[Site "Playchess.com INT"]
[Date "2020.06.15"]
[Round "7.2"]
[White "Walter, Kiara Laurien"]
[Black "Nourzad, Shayan"]
[Result "0-1"]
[WhiteElo "1769"]
[BlackElo "1838"]
[PlyCount "136"]
[EventDate "2020.06.08"]
[EventType "team-swiss (blitz)"]
[EventRounds "7"]
[EventCountry "GER"]
[SourceTitle "EXT 2021"]
[Source "ChessBase"]
[SourceDate "2020.10.23"]
[SourceVersion "1"]
[SourceVersionDate "2020.10.23"]
[SourceQuality "1"]
[WhiteTeam "Kardinal von Galen"]
[BlackTeam "Theodor Gymn"]
[WhiteTeamCountry "GER"]
[BlackTeamCountry "GER"]

1. e4 d6 2. d4 Nf6 3. Nc3 Nbd7 4. Nf3 e5 5. dxe5 dxe5 6. Bg5 Be7 7. Bc4 0-0 8. 0-0 c6 9. a3 b5 10. Bb3 Qc7 11. Re1 Re8 12. Ne2 Nxe4 13. Bxe7 Rxe7 14. c4 Nec5 15. Ba2 e4 16. Ng5 Ne5 17. cxb5 cxb5 18. Rc1 h6 19. Nxe4 Ned3 20. Nxc5 Nxc5 21. Nd4 Qd6 22. Rxe7 Qxe7 23. Nc6 Qg5 24. Qd8+ Qxd8 25. Nxd8 Be6 26. Nxe6 Nxe6 27. Bxe6 fxe6 28. g3 Rd8 29. Rc7 Rd2 30. b4 a5 31. bxa5 Rd3 32. a6 Rxa3 33. a7 Kh7 34. Rb7 b4 35. Kf1 b3 36. Rxb3 Rxa7 37. Rf3 e5 38. Ke2 Kg6 39. Ke3 Ra3+ 40. Ke4 Rxf3 41. Kxf3 Kf5 42. h3 e4+ 43. Ke3 Ke5 44. g4 g5 45. f3 exf3 46. Kxf3 Kd4 47. Kf2 Kd3 48. Kf3 Kd4 49. Kg3 Ke3 50. h4 Ke4 51. h5 Ke3 52. Kh3 Kf3 53. Kh2 Kxg4 54. Kg2 Kxh5 55. Kh3 g4+ 56. Kg3 Kg5 57. Kg2 h5 58. Kg3 h4+ 59. Kg2 Kf4 60. Kh2 g3+ 61. Kg2 Kg4 62. Kg1 Kf3 63. Kh1 g2+ 64. Kg1 h3 65. Kh2 Kf2 66. Kxh3 g1Q 67. Kh4 Qg6 68. Kh3 Qg3# 0-1

[Event "GER Pfingstopen U16"]
[Site "Playchess.com INT"]
[Date "2020.06.05"]
[Round "1"]
[White "Grave, Lukas"]
[Black "Walter, Kiara Laurien"]
[Result "1-0"]
[WhiteElo "1348"]
[BlackElo "1620"]
[PlyCount "97"]
[EventDate "2020.06.05"]
[EventType "swiss (blitz)"]
[EventRounds "11"]
[EventCountry "GER"]
[SourceTitle "CBM 197 Extra"]
[Source "ChessBase"]
[SourceDate "2020.09.30"]
[SourceVersion "1"]
[SourceVersionDate "2020.09.30"]
[SourceQuality "1"]

1. e4 c5 2. Nc3 e6 3. Nf3 Nc6 4. Bb5 a6 5. Bc4 Qc7 6. d3 Nf6 7. Bg5 Be7 8. Qd2 b5 9. Bb3 Bb7 10. a3 Rd8 11. 0-0-0 d5 12. exd5 exd5 13. Rhe1 0-0 14. d4 c4 15. Ba2 h6 16. Bh4 Rfe8 17. Ne5 Bd6 18. Bxf6 gxf6 19. Nxc6 Bf4 20. Qxf4 Qxf4+ 21. Kb1 Rxe1 22. Nxd8 Rxd1+ 23. Nxd1 Bc6 24. Nxc6 Qxh2 25. b3 Qxg2 26. Ne3 Qg1+ 27. Kb2 Qxf2 28. Nf5 Qxf5 29. Ne7+ Kg7 30. Nxf5+ Kg6 31. Nd6 h5 32. bxc4 dxc4 33. a4 h4 34. axb5 axb5 35. Nxb5 h3 36. Bxc4 h2 37. Bd5 Kf5 38. c4 Kg6 39. c5 f5 40. c6 Kf6 41. c7 f4 42. c8Q f3 43. Bxf3 Kg5 44. Qg4+ Kf6 45. d5 Ke7 46. Qh4+ f6 47. Qh7+ Kf8 48. Bh5 h1Q 49. Qf7# 1-0

[Event "GER Pfingstopen U16"]
[Site "Playchess.com INT"]
[Date "2020.06.05"]
[Round "7"]
[White "Kieselbach, Jannik"]
[Black "Walter, Kiara Laurien"]
[Result "1-0"]
[WhiteElo "1553"]
[BlackElo "1620"]
[PlyCount "111"]
[EventDate "2020.06.05"]
[EventType "swiss (blitz)"]
[EventRounds "11"]
[EventCountry "GER"]
[SourceTitle "CBM 197 Extra"]
[Source "ChessBase"]
[SourceDate "2020.09.30"]
[SourceVersion "1"]
[SourceVersionDate "2020.09.30"]
[SourceQuality "1"]

1. d4 c6 2. c4 d5 3. Nc3 Nf6 4. Nf3 e6 5. cxd5 cxd5 6. Bg5 Be7 7. e3 Nc6 8. Be2 0-0 9. 0-0 h6 10. Bxf6 Bxf6 11. a3 Re8 12. b4 a6 13. Na4 b5 14. Nc5 Be7 15. Rc1 Bxc5 16. Rxc5 Bb7 17. Qc2 Rc8 18. Rc1 f6 19. Qd2 e5 20. R1c2 e4 21. Ne1 Ne7 22. Rxc8 Bxc8 23. Qc1 Bf5 24. Rc5 Nc8 25. Nc2 Nd6 26. Rc6 Be6 27. Rxa6 Nf5 28. Rc6 Nh4 29. Bxb5 Rf8 30. Rxe6 f5 31. Ne1 Qg5 32. Bf1 f4 33. Re5 Qg6 34. Rxd5 fxe3 35. Qxe3 Nf5 36. Qxe4 Qf7 37. Bc4 Nd6 38. Rxd6 Qxc4 39. Qe6+ Qxe6 40. Rxe6 Rd8 41. Nf3 Rc8 42. g3 Rc1+ 43. Kg2 Rc2 44. a4 Rc4 45. b5 Rxa4 46. b6 Ra6 47. Ne5 Kh7 48. Rc6 Rxb6 49. Rxb6 g6 50. Rxg6 h5 51. d5 h4 52. gxh4 Kh8 53. d6 Kh7 54. d7 Kh8 55. d8Q+ Kh7 56. Qg8# 1-0

[Event "GER Pfingstopen U16"]
[Site "Playchess.com INT"]
[Date "2020.06.05"]
[Round "9"]
[White "Roos, Lukas"]
[Black "Walter, Kiara Laurien"]
[Result "1-0"]
[WhiteElo "1446"]
[BlackElo "1620"]
[PlyCount "119"]
[EventDate "2020.06.05"]
[EventType "swiss (blitz)"]
[EventRounds "11"]
[EventCountry "GER"]
[SourceTitle "CBM 197 Extra"]
[Source "ChessBase"]
[SourceDate "2020.09.30"]
[SourceVersion "1"]
[SourceVersionDate "2020.09.30"]
[SourceQuality "1"]

1. e4 c5 2. Nf3 e6 3. d4 cxd4 4. Nxd4 Nc6 5. Nxc6 bxc6 6. Nc3 Bb7 7. Be3 Qc7 8. Qd2 Nf6 9. Bd3 d5 10. exd5 cxd5 11. Bd4 Bb4 12. a3 Bxc3 13. Bxc3 Ng4 14. Qg5 Nf6 15. Bxf6 gxf6 16. Qxf6 Rf8 17. Bxh7 d4 18. Qxd4 Bxg2 19. Rg1 Bd5 20. 0-0-0 Rc8 21. Rg3 e5 22. Qxd5 Rh8 23. Bd3 Rh4 24. Rg8+ Ke7 25. Rg7 Rf4 26. Bg6 Kf8 27. Rxf7+ Rxf7 28. Qxf7+ Qxf7 29. Bxf7 Kxf7 30. Rd7+ Ke6 31. Rxa7 Rf8 32. a4 Rxf2 33. a5 Rxh2 34. a6 e4 35. Ra8 Rh1+ 36. Kd2 Rh2+ 37. Kc3 Rh3+ 38. Kb4 Rh4 39. a7 e3+ 40. c4 Kd7 41. Re8 Kxe8 42. a8Q+ Kd7 43. Qd5+ Ke7 44. Qg5+ Ke6 45. Qxh4 Kf5 46. Qe1 Kf4 47. Qe2 Ke4 48. Kc3 Kf4 49. Kd3 Ke5 50. Qxe3+ Kd6 51. Qg5 Kc6 52. Kd4 Kb6 53. Qb5+ Kc7 54. Kd5 Kc8 55. Kc6 Kd8 56. Qb7 Ke8 57. Kd6 Kf8 58. Ke6 Kg8 59. Kf6 Kh8 60. Qg7# 1-0

[Event "GER Pfingstopen U16"]
[Site "Playchess.com INT"]
[Date "2020.06.05"]
[Round "3"]
[White "Walter, Kiara Laurien"]
[Black "Hagenbeck Huebert, Jan"]
[Result "0-1"]
[WhiteElo "1620"]
[BlackElo "1459"]
[PlyCount "92"]
[EventDate "2020.06.05"]
[EventType "swiss (blitz)"]
[EventRounds "11"]
[EventCountry "GER"]
[SourceTitle "CBM 197 Extra"]
[Source "ChessBase"]
[SourceDate "2020.09.30"]
[SourceVersion "1"]
[SourceVersionDate "2020.09.30"]
[SourceQuality "1"]

1. e4 e6 2. d4 d5 3. exd5 exd5 4. c4 dxc4 5. Bxc4 Nf6 6. Nf3 Bb4+ 7. Nc3 Qe7+ 8. Qe2 Qxe2+ 9. Bxe2 0-0 10. 0-0 Nc6 11. a3 Ba5 12. b4 Bb6 13. Be3 Ng4 14. Bf4 Nxd4 15. Bxc7 Nxf3+ 16. Bxf3 Bxc7 17. Rac1 Be6 18. Ne4 Nxh2 19. Rfe1 Nxf3+ 20. gxf3 Bb6 21. Ng5 Rfe8 22. a4 a6 23. a5 Ba7 24. Rc7 h6 25. Ne4 Bd5 26. Rd7 Bxe4 27. fxe4 Rab8 28. Kg2 Kf8 29. Red1 Rxe4 30. f3 Rbe8 31. Rxb7 Re2+ 32. Kg3 Bb8+ 33. Kh3 Rh2+ 34. Kg4 h5+ 35. Kf5 g6+ 36. Kf6 Be5+ 37. Kg5 Rg2+ 38. Kh6 Bf4+ 39. Kh7 Rge2 40. Rdd7 R2e7 41. Rxe7 Rxe7 42. Rb8+ Bxb8 43. f4 h4 44. b5 h3 45. bxa6 h2 46. a7 h1Q# 0-1